000 01213cab a2200229 4500
001 E85016
008 090401t1997 xxu||||| |||| 00| 0 eng d
035 _a(Sirsi) u79436
041 _aeng
245 _aPlews v Plaisted
260 _c1997
350 _a0
490 _aScots Law Times
_v1997 SLT 804-808(5)
520 _aOuter House. 11 July 1996. Contract - construction contract of insurance - exclusion in relation to damage to property "not stored at least 12 inches above floor leve" - videotapes damaged while temporarily placed on floor - whether exclusion operative. Insurance - indemnity insurance - policy - construction - exclusion in relation to damage to property "not stored at least 12 inches above floor level" - videotapes damaged while temporarily placed on floor - whether exclusion operative. Damages - contract - remoteness - loss of profits - loss allegedly incurred due to non-payment under insurance policy - whether relevant claim.
650 _aBUILT ENVIRONMENT-BUILDING CONTRACT FORMS
650 _aCONSTRUCTION CLAIMS
650 _aINDEMNITY INSURANCE
650 _aInsurance
_96249
690 _aBUILDING AND CONSTRUCTION-CASE LAW
942 _n0
948 _c04/07/1997
999 _c49933
_d49933